Návrh marketingovej stratégie pre podnik vstupujúci na zahraničný trh bakalárska práca

Saved in:
Bibliographic Details
Main Author: Urban, Martin
Corporate Author: Podnikovohospodárska fakulta EU so sídlom v Košiciach. Katedra obchodného podnikania
Other Authors: Zuzik, Jozef, 1985-
Format: Book
Language:Slovak
Published: Košice 2022
Tags: Add Tag
No Tags, Be the first to tag this record!

MARC

LEADER 00000nbm a2200000 4500
001 0286518
005 20230428114203.0
041 0 |a slo 
044 |a SK 
245 1 0 |a Návrh marketingovej stratégie pre podnik vstupujúci na zahraničný trh  |b bakalárska práca  |c Martin Urban ; školiteľ: Jozef Zuzik 
264 1 |a Košice  |c 2022 
300 |a 50 s. 
100 1 |a Urban, Martin 
700 1 |a Zuzik, Jozef, 1985- 
710 2 |a Podnikovohospodárska fakulta EU so sídlom v Košiciach. Katedra obchodného podnikania